000
00269nam a2200109Ia 4500
008
220204s9999 xx 000 0 und d
082
_a
033
_b
GAL
100
_a
GALBRAITH, John Kenneth
245
0
_a
Galbraith reader
260
_a
London
_b
Andre Deutsch
_c
1979
942
_c
BK
999
_c
33708
_d
33708